Power play; oil in the Middle East.

Tallennettuna:
Bibliografiset tiedot
Päätekijä: Mosley, Leonard, 1913-
Aineistotyyppi: Kirja
Kieli:English
Julkaistu: New York, Random House [1973]
Painos:[1st American ed.]
Aiheet:
LEADER 01029nam a2200301 a 4500
001 c000322261
003 CARM
005 20001008205809.0
008 721221r1973 nyua b 001 0 eng
010 |a 72013789 //r87 
019 1 |a 579919  |5 LACONCORD2021 
020 |a 0394470508 
035 |a (OCoLC)539719  |5 LACONCORD2021 
040 |a LC  |b eng  |c LC  |d VU 
043 |a aw----- 
050 4 |a HD9576.N36  |b M65 1973 
050 0 0 |a HD9576.N36  |b M65 1973 
082 0 4 |a 338.2/7/2820956 
100 1 |a Mosley, Leonard,  |d 1913- 
245 1 0 |a Power play;  |b oil in the Middle East. 
250 |a [1st American ed.] 
260 |a New York,  |b Random House  |c [1973] 
300 |a xxi, 457 p.  |b illus.  |c 24 cm. 
504 |a Bibliography: p. 443-447. 
650 0 |a Petroleum industry and trade  |z Middle East. 
852 8 |b CARM  |h A1:AM28C0  |i C10189  |p 0434638  |f BK 
999 f f |i fb819158-8106-510f-bc94-9e9622d1877c  |s 90b2103b-2c91-5f5e-b2ef-e0a8d81e1c6e 
952 f f |p Can circulate  |a CAVAL  |b CAVAL  |c CAVAL  |d CARM 1 Store  |e C10189  |f A1:AM28C0  |h Other scheme  |i book  |m 0434638